000 00330nam a22001457a 4500
008 210511b ||||| |||| 00| 0 eng d
020 _a9780062700261
041 _aeng
080 _a101
082 _a101
100 _a24
101 _aFIL
245 _aGreat Thinkers of the Western World
_cIan P. McGreal
942 _2udc
_cBK
999 _c57219
_d57219